Management po-russki technologija effektivnogo upravlenija v malom biznese

Saved in:
Bibliographic Details
Main Author: Savel'jeva, Ol'ga Vasil'jevna
Other Authors: Danilov, Vladimir N.
Format: Book
Language:Russian
Published: Ufa Informreklama 2013
Edition:proizvodstv. praktičes. izd.
Subjects:
Tags: Add Tag
No Tags, Be the first to tag this record!

MARC

LEADER 00000nam a2200000 4500
001 0176554
005 20240311131255.1
020 |a 978-5-904555-51-1 
041 0 |a rus 
044 |a RU 
245 1 0 |a Management po-russki  |b technologija effektivnogo upravlenija v malom biznese  |c O.V. Savel'jeva, V.N. Danilov 
250 |a proizvodstv. praktičes. izd. 
264 1 |a Ufa  |b Informreklama  |c 2013 
300 |a 102 s. 
610 2 0 |a riadenie podnikové 
610 2 0 |a podnik malý 
610 2 0 |a podnikanie malé 
610 2 0 |a manažment 
610 2 0 |a efektívnosť 
610 2 0 |a funkcie riadenia 
610 2 0 |a audit 
610 2 0 |a cyklus podniku životný 
100 1 |a Savel'jeva, Ol'ga Vasil'jevna 
700 1 |a Danilov, Vladimir N.